High temperature properties of metals /

Uloženo v:
Podrobná bibliografie
Korporativní autor: American Society for Metals
Další autoři: Parker, Earl R. (Earl Randall), 1912-
Médium: Kniha
Jazyk:English
Vydáno: Cleveland, Ohio : Amer. Society for Metals, 1951.
Témata:
LEADER 01197cam a22002531a 4500
001 c000232657
003 CARM
005 20070413133447.0
008 851029s1951 ohua b 001 0 eng d
019 1 |a 4020260  |z 45128961  |z 28212662  |z 63038421  |5 LACONCORD2021 
035 |a (OCoLC)1245521  |5 LACONCORD2021 
040 |a NUN  |b eng  |c NUN  |d NU  |d VCAV 
082 0 4 |a 620.18 
245 0 0 |a High temperature properties of metals /  |c a series of five lectures by E.R. Parker [and others] presented to members of the American Society for Metals during the thirty-second National Metal Congress and Exposition, Chic., October 1950. 
260 |a Cleveland, Ohio :  |b Amer. Society for Metals,  |c 1951. 
300 |a 176 p. :  |b ill. ;  |c 24 cm. 
504 |a Includes biblioragphical references and index. 
650 0 |a Metals  |x Effect of low temperatures on. 
650 0 |a Metals  |x Testing. 
700 1 |a Parker, Earl R.  |c (Earl Randall),  |d 1912- 
710 2 |a American Society for Metals. 
852 8 |b CARM  |h A1:AP17G0  |i B07785  |p 0340874  |f BK 
999 f f |i d7e522d9-8b3d-515f-a2c5-70a4a7c4e442  |s be6acc05-d1e5-5140-9c0c-1972aafbfc6e 
952 f f |p Can circulate  |a CAVAL  |b CAVAL  |c CAVAL  |d CARM 1 Store  |e B07785  |f A1:AP17G0  |h Other scheme  |i book  |m 0340874